| 000 | 00644nam a22002057a 4500 | ||
|---|---|---|---|
| 003 | OSt | ||
| 005 | 20260119034208.0 | ||
| 008 | 260119b |||||||| |||| 00| 0 eng d | ||
| 020 | _a978-971-23-4583-8. | ||
| 040 |
_aDWCL-Main lib _cOC |
||
| 082 |
_21st edition _aFil. 651.374 D278s 2006 |
||
| 100 | _aDe Guzman, Dionisia G. | ||
| 245 |
_aThe secretary for the corporate world _cDe Guzman, Dionisia G. |
||
| 260 |
_aManila : _bRex Book Store, Inc., _cc2006. |
||
| 300 |
_axi, 332 pages ; _c22 cm. |
||
| 650 | _21. Office management. | ||
| 650 | _22. Secretaries. | ||
| 700 | _aDe Guzman, Cipriano E. | ||
| 942 |
_2ddc _cBK - FIL _e1st ed. _kFil. _n0 |
||
| 999 |
_c7527 _d7527 |
||